<?xml version="1.0" encoding="UTF-8"?>
<record
    xmlns:xsi="http://www.w3.org/2001/XMLSchema-instance"
    xsi:schemaLocation="http://www.loc.gov/MARC21/slim http://www.loc.gov/standards/marcxml/schema/MARC21slim.xsd"
    xmlns="http://www.loc.gov/MARC21/slim">

  <leader>00443nam a22001457a 4500</leader>
  <controlfield tag="008">160224b        xxu||||| |||| 00| 0 eng d</controlfield>
  <datafield tag="082" ind1=" " ind2=" ">
    <subfield code="a">708</subfield>
    <subfield code="b">B959m</subfield>
  </datafield>
  <datafield tag="100" ind1=" " ind2=" ">
    <subfield code="a">Alex Burke</subfield>
    <subfield code="9">4774</subfield>
  </datafield>
  <datafield tag="245" ind1=" " ind2=" ">
    <subfield code="a">En m&#xE9;moire de Gor&#xE9;e</subfield>
    <subfield code="c">Alex Burke</subfield>
  </datafield>
  <datafield tag="260" ind1=" " ind2=" ">
    <subfield code="a">Nantes</subfield>
    <subfield code="b">le Temple du go&#xFB;t</subfield>
    <subfield code="c">1998</subfield>
  </datafield>
  <datafield tag="300" ind1=" " ind2=" ">
    <subfield code="a">50 pag</subfield>
    <subfield code="b">ill.</subfield>
    <subfield code="c">24 cm.</subfield>
  </datafield>
  <datafield tag="600" ind1=" " ind2=" ">
    <subfield code="a">Alex Burke</subfield>
    <subfield code="9">4775</subfield>
  </datafield>
  <datafield tag="650" ind1=" " ind2=" ">
    <subfield code="a">Exhibici&#xF3;n</subfield>
    <subfield code="v">Catalogo</subfield>
    <subfield code="y">Descripci&#xF3;n de viajes</subfield>
    <subfield code="z">Senegal</subfield>
    <subfield code="9">4776</subfield>
  </datafield>
  <datafield tag="700" ind1=" " ind2=" ">
    <subfield code="a">Alex Burke</subfield>
    <subfield code="9">4777</subfield>
  </datafield>
  <datafield tag="999" ind1=" " ind2=" ">
    <subfield code="c">866</subfield>
    <subfield code="d">866</subfield>
  </datafield>
  <datafield tag="952" ind1=" " ind2=" ">
    <subfield code="0">0</subfield>
    <subfield code="1">0</subfield>
    <subfield code="2">ddc</subfield>
    <subfield code="4">0</subfield>
    <subfield code="7">0</subfield>
    <subfield code="a">LV</subfield>
    <subfield code="b">LV</subfield>
    <subfield code="c">Monograf&#xED;as</subfield>
    <subfield code="d">2016-02-24</subfield>
    <subfield code="l">0</subfield>
    <subfield code="o">708 B959m</subfield>
    <subfield code="p">000664</subfield>
    <subfield code="r">2016-02-24 00:00:00</subfield>
    <subfield code="w">2016-02-24</subfield>
    <subfield code="y">01</subfield>
  </datafield>
</record>
